Nr. 1 Hits in Deutschland 2021 - Statistiken

Allgemein
  • Dieses Quiz wurde 113 mal gespielt
  • Das Durchschnittsergebnis liegt bei 13 aus 29
Antwortstatistiken
Wochen auf Platz 1 Lied Interpret % Korrekt
17 Wochen All I Want for Christmas Is You Mariah Carey
90%
4 Wochen Bad Habits Ed Sheeran
83%
3 Wochen Last Christmas Wham!
83%
2 Wochen Ich darf das Shirin David
71%
1 Woche Lieben wir Shirin David
71%
1 Woche Madonna Bausa feat. Apache 207
67%
1 Woche Blaues Licht RAF Camora feat. Bonez MC
65%
1 Woche Be a Hoe/Break a Hoe Shirin David feat. Kitty Kat
65%
2 Wochen Shivers Ed Sheeran
62%
2 Wochen Good 4 U Olivia Rodrigo
60%
1 Woche Beggin’ Måneskin
53%
2 Wochen Easy on Me Adele
51%
1 Woche Sommergewitter Pashanim
49%
1 Woche Extasy Bonez MC feat. Frauenarzt
43%
2 Wochen Stay The Kid Laroi & Justin Bieber
42%
1 Woche Highway Katja Krasavice feat. Elif
41%
1 Woche Best Friend (Remix) Saweetie feat. Doja Cat &Katja Krasavice
40%
1 Woche Pussy Power Katja Krasavice
38%
2 Wochen Der letzte Song (Alles wird gut) Kummer feat. Fred Rabe
36%
1 Woche Enter Sandman Metallica
31%
1 Woche 2CB RAF Camora feat. Luciano
30%
10 Wochen Wellerman Nathan Evans
29%
1 Woche Auf & ab Montez
24%
1 Woche Angst Apache 207
22%
1 Woche Kapitel II Vodka Apache 207
22%
4 Wochen Ohne Dich Kasimir1441 feat. Badmómzjay& Wildbwoys
21%
1 Woche Mandarinen Shindy
18%
1 Woche Rosenkrieg Loredana & Mozzik
17%
1 Woche Raindrops Katja Krasavice feat. Leony
12%
Keine übereinstimmenden Quizze gefunden
Verteilung der Resultate
Anzahl Personen mit jedem Resultat
Perzentil nach korrekt beantworteten Fragen
Ihre Resultats-Entwicklung
Sie haben dieses Quiz noch nicht gespielt